Name all the Arabic Speaking Countries - Statistics

General Stats
  • This quiz has been taken 199 times
    168 since last reset
  • The average score is 18 of 21
Answer Stats
Continent Speakers Country % Correct
Africa 82,449,200 Egypt
97%
Africa 25,003,930 Morocco
97%
Africa 40,100,000 Algeria
96%
Asia 22,908,120 Iraq
93%
Asia 27,178,770 Saudi Arabia
93%
Asia 2,518,816 Oman
90%
Africa 28,164,500 Sudan
90%
Asia 14,671,000 Yemen
90%
Africa 4,526,000 Libya
89%
Africa 10,800,500 Tunisia
89%
Asia 17,951,639 Syria
87%
Asia 4,180,000 Lebanon
86%
Asia 1,215,446 Qatar
86%
Asia 3,607,600 United Arab Emirates
85%
Asia 5,083,300 Jordan
84%
Asia 609,302 Bahrain
83%
Asia 1,735,000 Kuwait
83%
Africa 3,140,000 Mauritania
73%
Africa 3,788,000 Somalia
72%
Africa 1,320,000 Chad
67%
Asia 2,039,000 Israel
56%
No matching quizzes found
Score Distribution
Percent of People with Each Score
Percentile by Number Answered
Your Score History
You have not taken this quiz since the last reset